<?xml version="1.0" encoding="UTF-8"?><?xml-stylesheet type="text/xsl" href="static/style.xsl"?><OAI-PMH xmlns="http://www.openarchives.org/OAI/2.0/" xmlns:xsi="http://www.w3.org/2001/XMLSchema-instance" xsi:schemaLocation="http://www.openarchives.org/OAI/2.0/ http://www.openarchives.org/OAI/2.0/OAI-PMH.xsd"><responseDate>2026-06-04T01:51:40Z</responseDate><request verb="GetRecord" identifier="oai:riubu.ubu.es:10259/11782" metadataPrefix="marc">https://riubu.ubu.es/oai/request</request><GetRecord><record><header><identifier>oai:riubu.ubu.es:10259/11782</identifier><datestamp>2026-06-03T00:05:32Z</datestamp><setSpec>com_10259.4_2498</setSpec><setSpec>com_10259_5086</setSpec><setSpec>com_10259_2604</setSpec><setSpec>com_10259.4_2543</setSpec><setSpec>com_10259_4839</setSpec><setSpec>col_10259.4_2499</setSpec><setSpec>col_10259.4_2544</setSpec><setSpec>col_10259_4840</setSpec></header><metadata><record xmlns="http://www.loc.gov/MARC21/slim" xmlns:doc="http://www.lyncode.com/xoai" xmlns:xsi="http://www.w3.org/2001/XMLSchema-instance" xmlns:dcterms="http://purl.org/dc/terms/" xsi:schemaLocation="http://www.loc.gov/MARC21/slim http://www.loc.gov/standards/marcxml/schema/MARC21slim.xsd">
<leader>00925njm 22002777a 4500</leader>
<datafield tag="042" ind1=" " ind2=" ">
<subfield code="a">dc</subfield>
</datafield>
<datafield tag="720" ind1=" " ind2=" ">
<subfield code="a">Sáez Velasco, Sara</subfield>
<subfield code="e">author</subfield>
</datafield>
<datafield tag="720" ind1=" " ind2=" ">
<subfield code="a">Alaguero Rodríguez, Mario</subfield>
<subfield code="e">author</subfield>
</datafield>
<datafield tag="720" ind1=" " ind2=" ">
<subfield code="a">Rodríguez Cano, Sonia</subfield>
<subfield code="e">author</subfield>
</datafield>
<datafield tag="720" ind1=" " ind2=" ">
<subfield code="a">Delgado Benito, Vanesa</subfield>
<subfield code="e">author</subfield>
</datafield>
<datafield tag="260" ind1=" " ind2=" ">
<subfield code="c">2025-04</subfield>
</datafield>
<datafield tag="520" ind1=" " ind2=" ">
<subfield code="a">The aim of this paper is to find out what the attitudes of higher education&#xd;
students in arts education are towards generative AI and how this relates to their use of it&#xd;
in their academic/professional practice. This is a case study and an exploratory, descriptive&#xd;
and correlational quantitative research study, the methodology of which allows us to&#xd;
determine the vision of the sample of participants in relation to the subject. The design&#xd;
consists of three phases: (1) students complete an Attitude Towards Artificial Intelligence&#xd;
(ATAI) scale; (2) they then create two sketches as a collage of images to be used as visual&#xd;
references for a future digital illustration, one using images from the internet and the&#xd;
other using a generative AI tool; and (3) finally, students complete a questionnaire on&#xd;
their perception after using the generative AI tool used in the activity. The results show&#xd;
significant relationships between attitudes towards AI and perceptions of its effectiveness,&#xd;
efficiency, creativity, and design autonomy. It seems that the attitude with which students&#xd;
approach AI tools is a determining factor when it comes to using them in design tasks and&#xd;
can contribute to quality education</subfield>
</datafield>
<datafield tag="024" ind2=" " ind1="8">
<subfield code="a">https://hdl.handle.net/10259/11782</subfield>
</datafield>
<datafield tag="024" ind2=" " ind1="8">
<subfield code="a">10.3390/su17073096</subfield>
</datafield>
<datafield tag="024" ind2=" " ind1="8">
<subfield code="a">2071-1050</subfield>
</datafield>
<datafield ind1=" " ind2=" " tag="653">
<subfield code="a">Generative artificial intelligence</subfield>
</datafield>
<datafield ind1=" " ind2=" " tag="653">
<subfield code="a">Attitude towards artificial intelligence</subfield>
</datafield>
<datafield ind1=" " ind2=" " tag="653">
<subfield code="a">Arts education</subfield>
</datafield>
<datafield ind1=" " ind2=" " tag="653">
<subfield code="a">Higher education</subfield>
</datafield>
<datafield tag="245" ind1="0" ind2="0">
<subfield code="a">Students’ Attitudes Towards AI and How They Perceive the Effectiveness of AI in Designing Video Games</subfield>
</datafield>
</record></metadata></record></GetRecord></OAI-PMH>